Fußball: Alle Spieler für den SC Freiburg seit 2014 - Statistiken

Allgemein
  • Dieses Quiz wurde 452 mal gespielt
    290 seit der letzten Aktualisierung
  • Das Durchschnittsergebnis liegt bei 29 aus 91
Antwortstatistiken
Spiele Jahre Position Nationalität Antwort % Korrekt
216 2015 - 2023 ST DEU Nils Petersen
95%
170 2015 - 2017, 2019 - MF ITA Vincenzo Grifo
95%
302 2012 - AW DEU Christian Günter
93%
104 2011 - 2014, 2022 - AW DEU Matthias Ginter
91%
167 2018 - ST DEU Lucas Höler
86%
80 2018 - 2023 TW NED Mark Flekken
84%
232 2013 - MF DEU Nicolas Höfler
84%
198 2010 - 2015, 2019 - 2023 AW FRA Jonathan Schmid
80%
142 2017 - AW AUT Philipp Lienhart
77%
30 2022 - ST AUT Michael Gregoritsch
73%
33 2022 - MF JPN Ritsu Doan
72%
31 2020 - 2021, 2023 - TW DEU Florian Müller
68%
109 2018 - MF HUN Roland Sallai
68%
124 2015 - 2020 TW DEU Alexander Schwolow
66%
62 2021 - MF DEU Maximilian Eggestein
62%
84 2020 - MF KOR Woo-Yeong Jeong
60%
122 2015 - AW DEU Lukas Kübler
59%
34 2014 - 2015 TW SUI Roman Bürki
59%
61 2020 - 2022 ST BOS Ermedin Demirovic
58%
185 2009 - 2018 MF DEU Julian Schuster
58%
137 2016 - AW DEU Manuel Gulde
55%
47 2018 - 2019, 2020 - AW DEU Keven Schlotterbeck
49%
49 2018 - 2020, 2021 - 2022 AW DEU Nico Schlotterbeck
49%
50 2016 - 2018 AW TUR Caglar Söyüncü
46%
50 2013 - 2017 MF DEU Maximilian Philipp
42%
60 2013 - 2015 MF SUI Admir Mehmedi
41%
31 2020 - 2021 MF FRA Baptiste Santamaria
41%
34 2021 - AW FRA Kiliann Sildillia
41%
28 2021 - MF DEU Noah Weißhaupt
38%
60 2015 - 2021 MF ALB Amir Abrashi
36%
49 2019 - MF DEU Yannik Keitel
36%
158 2016 - 2022 MF DEU Janik Haberer
35%
100 2007 - 2015 AW CZE Pavel Krmas
33%
76 2012 - 2018 ST SVK Karim Guedé
32%
29 2021 - 2023 ST DEU Kevin Schade
32%
12 2022 - MF GHA Daniel-Kofi Kyereh
31%
5 2022 - AW DEU Kenneth Schmidt
31%
68 2016 - 2019 ST DEU Florian Niederlechner
30%
2 2020 - TW DEU Benjamin Uphoff
29%
105 2011 - 2015 AW DEU Oliver Sorg
29%
82 2017 - 2020 AW DEU Robin Koch
29%
54 2013 - 2015 MF CZE Vladimir Darida
29%
53 2018 - 2020 ST DEU Luca Waldschmidt
28%
3 2022 - MF DEU Merlin Röhl
27%
65 2016 - 2019 AW DEU Pascal Stenzel
26%
119 2014 - 2020 MF DEU Mike Frantz
25%
35 2019 - 2021 MF KOR Chang-Hoon Kwon
23%
100 2009 - 2016 AW BOS Mensur Mujdza
23%
26 2017 - 2019 ST DEU Tim Kleindienst
23%
31 2014 - 2017 AW SPA Marc Torrejon
21%
3 2022 - 2023 AW BEL Hugo Siquet
20%
6 2017 - 2018 ST ENG Ryan Kent
20%
84 2018 - 2021 AW DEU Dominique Heintz
19%
2 2016 - 2018 TW POL Rafal Gikiewicz
19%
52 2013 - 2015 MF DEU Felix Klaus
15%
7 2020 - 2021 MF NED Guus Til
14%
4 2016 - 2017 ST NOR Havard Nielsen
14%
38 2014 - 2018 AW DEU Marc Oliver Kempf
14%
45 2012 - 2014, 2017 - 2020 MF DEU Marco Terrazzino
14%
42 2011 - 2016 AW DEU Immanuel Höhn
13%
4 2015 - 2017 MF NOR Mats Möller Daehli
13%
77 2002 - 2007, 2014 - 2015 AW DEU Sascha Riether
13%
4 2022 - 2023 MF DEU Robert Wagner
12%
51 2012 - 2014 ST DEU Sebastian Freis
11%
14 2014 - 2015 AW SRB Stefan Mitrovic
11%
14 2017 - 2019 MF FRA Yoric Ravet
11%
7 2019 - 2020 MF AUS Brandon Borello
9%
27 2018 - 2020 MF DEU Jerome Gondorf
9%
9 2014 ST AUT Philipp Zulechner
9%
29 2012 - 2014 MF DEU Sebastian Kerk
9%
1 2021 - ST NED Vincent Vermeij
9%
19 2016 - 2018 MF SRB Aleksandar Ignjovski
8%
7 2017 - 2018 MF POL Bartosz Kapustka
8%
6 2017 - 2019 AW USA Caleb Stanko
8%
11 2019 - 2021 MF DEU Lino Tempelmann
8%
3 2019 - 2021 AW DEU Luca Itter
8%
4 2017 - 2018 MF SUI Vincent Sierro
8%
3 2015 - 2017 AW DEU Jonas Föhrenbach
7%
2 2017 - 2018 AW TUN Mohamed Dräger
7%
22 2016 - 2018 AW TUR Onur Bulut
7%
12 2014 - 2015 ST DEU Dani Schahin
6%
25 2014 - 2016, 2017 - 2020 MF DEU Florian Kath
6%
1 2022 - 2023 AW DEU Kimberly Ezekwem
6%
1 2019 - ST SUI Nishan Burkart
6%
2 2018 - 2019 AW ENG Chima Okoroji
5%
1 2018 - 2019 ST DEU Christoph Daferner
5%
1 2019 - 2020 TW DEU Niclas Thiede
5%
1 2013 - 2015 AW FRA Christopher Jullien
4%
1 2016 - 2017 MF DEU Jonas Meffert
4%
1 2018 - 2019 MF DEU Patrick Kammerbauer
4%
6 2016 - 2018 AW DEU Georg Niedermeier
3%
Keine übereinstimmenden Quizze gefunden
Verteilung der Resultate
Anzahl Personen mit jedem Resultat
Perzentil nach korrekt beantworteten Fragen
Ihre Resultats-Entwicklung
Sie haben dieses Quiz seit der letzten Aktualisierung nicht gespielt